MATEMATİĞİN KAÇ CANI VAR 1 (Record no. 1029636)

MARC details
000 -LEADER
sabit uzunluktaki kontrol alanı 00260nam a2200097Ia 4500
001 - KONTROL NUMARASI
kontrol alanı 1029636
005 - EN SON İŞLEMİN TARİH VE ZAMANI
kontrol alanı 20250826231432.0
008 - SABİT-UZUNLUKTA VERİ ÖĞELERİ--GENEL BİLGİ
sabit uzunluktaki kontrol alanı 250824s9999 xx 000 0 und d
245 #0 - ESER / YAZAR
ESER ADI MATEMATİĞİN KAÇ CANI VAR 1
Yazar Adı MERVE UYGUN
260 ## - YAYIN, DAĞITIM, VB.
YAYIN EVİ CEZVE KİTAP YAYINLARI
Holdings
Düşüm durumu Kayıp durumu Hasar Durumu Ödünç verilmez Ana kütüphane Geçerli Kütüphane Edinilen tarih Toplam ödünç verme sayısı Barkod Son görüntüleme tarihi Son ödünç verme tarihi Fiyatın geçerli olmaya başladığı tarih Koha materyal türü
        TOKİ İLKOKULU TOKİ İLKOKULU 24.08.2025 1 10741404 12.01.2026 23.12.2025 26.08.2025 Books